Statistics for Biggest Cities in Wisconsin

Click here to take the quiz!

General Stats

  • This quiz has been taken 33 times
  • The average score is 7 of 10

Answer Stats

PopulationCity% Correct
264,365Madison
100%
581,949Milwaukee
100%
105,163Green Bay
94%
99,487Kenosha
74%
77,211Racine
71%
66,378Oshkosh
68%
69,950Eau Claire
61%
75,096Appleton
55%
72,348Waukesha
48%
64,585Janesville
45%

Score Distribution

Percentile by Number Answered

Percent of People with Each Score

Your Score History

You have not taken this quiz